000 00805nam a22002177a 4500
003 UA-OsUOA
001 94978
007 ta
008 20130220b un ||||| |||| 00| 0 ukr d
100 _aБазиль Л.
090 _a81
_bБ17
942 _cSA
040 _aUA-OsUOA
_bukr
_cUA-OsUOA
_dUA-OsUOA
245 _aЛітературознавча компетентність учителя української мови і літератури крізь призму наукових підходів
300 _aС.32-38
955 _a0
041 _aukr
080 _a81
773 0 _w94973
_tУкраїнська мова і література в школі
_dК.
_d2012
_g8
650 7 _a8 Мовознавство. Художня література. Літературознавство
_2UDC
999 _c381223
_d381223